On comparing restricted least squares estimators (Registro nro. 26161)
[ vista simple ]
| 000 -LEADER | |
|---|---|
| fixed length control field | 00372 a2200121 4500 |
| 001 - CONTROL NUMBER | |
| control field | ART_12177 |
| 005 - DATE AND TIME OF LATEST TRANSACTION | |
| control field | 20260410161904.0 |
| 008 - FIXED-LENGTH DATA ELEMENTS--GENERAL INFORMATION | |
| fixed length control field | 260409a |
| 100 1# - MAIN ENTRY--PERSONAL NAME | |
| Personal name | Guilkey, David K. |
| 245 10 - TITLE STATEMENT | |
| Title | On comparing restricted least squares estimators |
| 700 1# - ADDED ENTRY--PERSONAL NAME | |
| Personal name | Price, J. Michael |
| 773 0# - HOST ITEM ENTRY | |
| Title | Journal of econometrics |
| Related parts | - Vol. 15, Nº 3 (abr. 1981) |
| Record control number | REV11720 |
No hay ítems disponibles.